Current Affairs Events & Issues 2021: (Record no. 186495)

MARC details
000 -LEADER
fixed length control field 00549nam a22001817a 4500
005 - DATE AND TIME OF LATEST TRANSACTION
control field 20220307152108.0
010 ## - LCCN (DPL NO)
LC control number ENG-131859
020 ## - INTERNATIONAL STANDARD BOOK NUMBER
International Standard Book Number 9789353228286
Terms of availability 325.00
035 ## - SYSTEM CONTROL NUMBER
System control number EN-115391
037 ## - SOURCE OF ACQUISITION
Source of stock number/acquisition DBAD/PUB
082 ## - DEWEY DECIMAL CLASSIFICATION NUMBER
Classification number 000
Item number 1
100 ## - MAIN ENTRY--PERSONAL NAME
Personal name USMAN AAMIR BIN
245 ## - TITLE STATEMENT
Title Current Affairs Events & Issues 2021:
Remainder of title 2700+ MCQs Based On/
260 ## - PUBLICATION, DISTRIBUTION, ETC. (IMPRINT)
Place of publication, distribution, etc New Delhi
Name of publisher, distributor, etc Prabhat Exam
270 ## - ADDRESS
Address 4/19 Asaf Ali Road
City New Delhi
Postal code 110002
Telephone number 23289555
Electronic mail address prabhatbooks@gmai.com
300 ## - PHYSICAL DESCRIPTION
Extent 347p.
Dimensions 27cm(pbk)
942 ## - ADDED ENTRY ELEMENTS (KOHA)
Source of classification or shelving scheme Dewey Decimal Classification
Item type English Books
Classification part 000
Call number suffix USM
Holdings
Withdrawn status Lost status Not for loan Collection code Home library Current library Date acquired Source of acquisition Cost, normal purchase price Full call number Barcode Copy number Cost, replacement price Koha item type
      Non-fiction Sarojini Nagar Sarojini Nagar 07/03/2022 DBAD/PUB 325.00 000 USM EN-115391 1 325.00 English Books

© Delhi Public Library
Hit Counter
free hit counter